01771nam a2200229 u 4500001001000000003000900010005001700019007000300036008004100039020001800080040002500098082002400123100003600147245012400183246008000307260003600387300002700423505092400450600004601374650007201420651004901492000003266DO-SdBNP20250925082330.0ta090707s2017 dr a r 000 0 spa d a9789945168167 aDO-SdBNPbspacBNPHU 4a068.7293bM843h2221 aMoreno Ceballos, Nelson,d1946-10aHistoria de las academias de ciencias y de las organizaciones científicas internacionales /cNelson Moreno Ceballos.10aHistory of academies of sciences and international scientific organizations aSanto Domingo :bBúho,c2017. a360 p. :c24 cm.bil ; aLas primeras comunidades de científicos en la antigüedad clásica y en el mundo helenístico 47 -- Descrédito y desplazamiento de las culturas grecorromana y helenística por parte del cristianismo 67 -- Las culturas árabe y oriental y el surgimiento de Bagdad y Córdoba como centros científicos durante el inicio de la Edad Media 81 -- Origen de las Primeras Academicas de Ciencias en la edad moderna 101 -- Las academias desdientes, las sociedades para el avance de la ciencia y los congresos científicos durante los siglos XVIII y XIX 121 -- Las asociaciones internacionales de academias de ciencias y de otras instituciones 139 -- Breve historia de la Comunidad Científica del Caribe (CCC) y la expansión de sus relaciones interinstitucionales 173 -- Breve reseña de cada una de las academias de ciencias del Gran Caribe 285 -- El papel de las academias de ciencias en el mundo posmoderno 311 aUnión Científica del CaribexHistoria 0aCrisis económica xCooperación internacionalzCaribe (Región) 4aCienciaxSociedades, etc.zCaribe (Región)